000 00742nam a22003010a 4500
001 PT194
003 AR-LpoUNG
005 20210131230244.0
008 191001s1993||||ag |||||||||||||||||spa d
020 _a847509581X
_c$28
040 _aAR-LpoUNG
_bspa
_cAR-LpoUNG
_eaacr
041 _aspa
044 _aag
082 0 _a410 284ave
100 1 _aBarthes, Roland
245 1 3 _aLa aventura semiológica
250 _a2da. ed.
260 _aBuenos Aires :
_bPaidós,
_c1993.
300 _a352 p. :
_btbls.
650 4 _aLINGÜÍSTICA
650 4 _aTERMINOLOGIA
651 4 _aDOCUMENTOS TEORICOS O METODOLOGICOS
653 _aLENGUAJES SIMBOLICOS
653 _aSEMIOLOGIA
653 _aSIMBOLOS
905 _a194
942 _cLIB
999 _c2448
_d2448